Butyrate in broiler diets : Impact of butyrate presence in distinct gastrointestinal tract segments on digestive function, microbiota composition and immune responses

The release profile of experimental and commercially available butyrate feed additives was measured in an in vitro study. Butyrate derivatives having markedly different release profiles were used in two in vivo experiments to inverstigate the effect of butyrate presence in distinct GIT segments on d...

Disgrifiad llawn

Wedi'i Gadw mewn:
Manylion Llyfryddiaeth
Prif Awdur: Moquet, Pierre C. A.
Fformat: Llyfr
Iaith:Undetermined
Cyhoeddwyd: Netherlands Wageningen University 2018
Pynciau:
Tagiau: Ychwanegu Tag
Dim Tagiau, Byddwch y cyntaf i dagio'r cofnod hwn!
Thư viện lưu trữ: Trung tâm Học liệu Trường Đại học Cần Thơ
LEADER 01103nam a2200217Ia 4500
001 CTU_236238
008 210402s9999 xx 000 0 und d
082 |a 636.5085 
082 |b M826 
100 |a Moquet, Pierre C. A. 
245 0 |a Butyrate in broiler diets : 
245 0 |b Impact of butyrate presence in distinct gastrointestinal tract segments on digestive function, microbiota composition and immune responses 
245 0 |c Pierre C. A. Moquet 
260 |a Netherlands 
260 |b Wageningen University 
260 |c 2018 
520 |a The release profile of experimental and commercially available butyrate feed additives was measured in an in vitro study. Butyrate derivatives having markedly different release profiles were used in two in vivo experiments to inverstigate the effect of butyrate presence in distinct GIT segments on digestive processes, microbiota composition and immune responses of broilers. 
650 |a Gia cầm,Poultry 
650 |x Thức ăn và cho ăn,Feeding and feeds 
910 |b nthai 
980 |a Trung tâm Học liệu Trường Đại học Cần Thơ